Responses for show #3310 - Friday, January 15, 1999

Contestants

[<< previous game]

Jennifer Hawthorne, a writer from Los Angeles, California

Kip Thompson, a fourth-year medical student from Chapel Hill, North Carolina

Kristine Bachand, a permit coordinator from Portland, Oregon (whose 1-day cash winnings total $5,400)

[next game >>]

Jeopardy! Round responses

PRESIDENTIAL TRIVIA
TV NOSTALGIA
IT'S JASON'S BAR MITZVAH
PANDA-MONIUM
FIRST NAMES
WORDS WITHIN WORDS
(Alex: To help you, the correct response will be a word that is found within one of the words in the clue.)
    $100 2
Dwight D. Eisenhower

Kip
    $100 1
Wyatt Earp

Jennifer
    $100 17
Saturday

Kip
    $100 12
Richard

Kip
    $100 7
Flat (inFLATed)

Kristine
    $200 3
Woodrow Wilson

Jennifer
    $200 22
(Jennifer: What is What's My Line?)
(Kristine: What is The $64,000 Question?)
...
(Alex: With less than a minute to go...)

You Bet Your Life

KristineJennifer
Triple Stumper
    $200 18
Bat Mitzvah

Jennifer
    $200 27
(buzzer sounds)

Bamboo

Kip
    $200 13
Noah

Kip
    $200 8
Magi (iMAGInation)

Jennifer
    $500 4
(Jennifer: Who is Ronald Reagan?)
...
(Alex: Ronald Reagan was not born in California.)

Richard Nixon

Jennifer
    $300 23
(Kip: Who is Marlon Brando?)

Burl Ives

Kip
Triple Stumper
    $300 19
Cantor

Kristine
    $300 24
Black

Jennifer
    $300 14
Linda

Kristine
    $300 9
(Kristine: What is staff?)

Side (preSIDEnt)

KristineJennifer
    $400 5
William Howard Taft

Kip
    $400 20
Klezmer music

Triple Stumper
    $400 25
Cubs

Jennifer
    $400 15
Helmut

Kip
    $400 10
Sign (deSIGNation)

Jennifer
    $500 6
Calvin Coolidge

Jennifer
    $500 21
(Kristine: What is Sinai?)

the Wailing Wall (or Western Wall)

Kristine
Triple Stumper
    $500 26
(J: What are lemurs?)

Raccoons

Jennifer
Triple Stumper
    $500 16
Natalia/Natasha

Jennifer
    $500 11
(Kip: No response.)

Gnat (desiGNATion)

KipJennifer

Scores at the first commercial break (after clue 13):

Kristine Kip Jennifer
-$200 $300 $1,700

Scores at the end of the Jeopardy! Round:

Kristine Kip Jennifer
-$300 $700 $2,400

Double Jeopardy! Round responses

NATIONAL MONUMENTS
NAMES BY THE NUMBER
FROM BOOK TO SCREEN
THE "EX" FILES
SECTS
VIOLINS
    $200 6
Redwood

Jennifer
    $200 11
The Seven Dwarfs

Kristine
    $200 17
Meryl Streep

Kristine
    $200 1
Exaggeration

Kristine
    $200 16
Jehovah's Witnesses

Kristine
    $200 30
a fiddle

Jennifer
    $400 7
Georgia

Jennifer
    $400 12
(Alex: Why is it that guys always get that & never the women?)

The Three Stooges

Kip
    $400 18
What Dreams May Come

Kristine
    $400 2
Excalibur

Kristine
    $400 21
Hare Krishna

Jennifer
    $400 28
Stradivarius

Kristine
    $600 8
Fort McHenry

Jennifer
    $600 13
Seven Hills of Rome

Jennifer
    $2,000 19
Roald Dahl

Kristine
    $600 3
Exorcise

Kip
    $600 22
Hasidic

Jennifer
    $600 25
(Alex: We've got less than a minute to go.)

pizzicato

Jennifer
    $800 9
Arizona

Kristine
    $800 14
(Alex: Don't ask me to say it again!)

The Gang of Four

Jennifer
    $800 20
Jean Valjean

Kip
    $800 4
Existentialism

Kip
    $2,000 23
Rastafarians

Jennifer
    $800 27
St├ęphane Grappelli

Triple Stumper
    $1000 10
White Sands

Triple Stumper
    $1000 15
The Two Ronnies

Triple Stumper
    $1000 29
John Irving

Kip
    $1000 5
Exoskeleton

Kristine
    $1000 24
Essenes

Triple Stumper
    $1000 26
(Kristine: Who is Stradivarius?)
(Jennifer: Who is Vivaldi?)

Niccolo Paganini

KristineJennifer
Triple Stumper

Scores at the end of the Double Jeopardy! Round:

Kristine Kip Jennifer
$4,500 $4,300 $7,800

[wagering suggestions for these scores]

Final Jeopardy! Round responses

FAMOUS ARTISTS
[The clue refers to the Water Lilies series.]
KipWho was Monet?
$2,300
KristineWho is Gaugain
$3,301
JenniferWho was Monet?
$1,201
Claude Monet

Final scores:

Kristine Kip Jennifer
$1,199 $6,600 $9,001
3rd place: Flight over Southern California on the Goodyear Airship Eagle 2nd place: Collette Tours Trip to Hawaii New champion: $9,001

Game dynamics:

Coryat scores:

Kristine Kip Jennifer
$3,100 $4,300 $7,100
13 R
(including 1 DD),
4 W
12 R,
2 W
21 R
(including 1 DD),
4 W
(including 1 DD)

Combined Coryat: $14,500

The J! Archive is created by fans, for fans. The Jeopardy! game show and all elements thereof, including but not limited to copyright and trademark thereto, are the property of Jeopardy Productions, Inc. and are protected under law. This website is not affiliated with, sponsored by, or operated by Jeopardy Productions, Inc. Join the discussion at JBoard.tv.